Managed pressure drilling : (Record no. 19337)
[ view plain ]
| 000 -LEADER | |
|---|---|
| fixed length control field | 01002cam a22002775a 4500 |
| 001 - CONTROL NUMBER | |
| control field | 16986418 |
| 005 - DATE AND TIME OF LATEST TRANSACTION | |
| control field | 20170104144749.0 |
| 008 - FIXED-LENGTH DATA ELEMENTS--GENERAL INFORMATION | |
| fixed length control field | 111003t2012 maua frb 001 0 eng d |
| 020 ## - INTERNATIONAL STANDARD BOOK NUMBER | |
| International Standard Book Number | 9780123851246 |
| 020 ## - INTERNATIONAL STANDARD BOOK NUMBER | |
| International Standard Book Number | 0123851246 |
| 040 ## - CATALOGING SOURCE | |
| Original cataloging agency | DLC |
| Transcribing agency | DLC |
| Modifying agency | YDX |
| -- | BTCTA |
| -- | YDXCP |
| -- | BWX |
| -- | CDX |
| -- | DLC |
| -- | EG-ScBUE |
| -- | EG-ScBUE |
| Language of cataloging | eng |
| 082 04 - DEWEY DECIMAL CLASSIFICATION NUMBER | |
| Classification number | 622.3381 |
| Edition number | 22 |
| Item number | CHI |
| 100 1# - MAIN ENTRY--PERSONAL NAME | |
| Personal name | Chin, Wilson C. |
| 9 (RLIN) | 37978 |
| 245 10 - TITLE STATEMENT | |
| Title | Managed pressure drilling : |
| Remainder of title | modeling, strategy and planning / |
| Statement of responsibility, etc | Wilson C. Chin. |
| 260 ## - PUBLICATION, DISTRIBUTION, ETC. (IMPRINT) | |
| Place of publication, distribution, etc | Waltham ; |
| -- | Oxford : |
| Name of publisher, distributor, etc | Gulf Professional Publishing / Elsevier, |
| Date of publication, distribution, etc | c.2012. |
| 300 ## - PHYSICAL DESCRIPTION | |
| Extent | ix, 398 p. : |
| Other physical details | ill. ; |
| Dimensions | 25 cm. |
| 500 ## - GENERAL NOTE | |
| General note | Index : p. 395-398. |
| 504 ## - BIBLIOGRAPHY, ETC. NOTE | |
| Bibliography, etc | Bibliography : p. 391-393. |
| 650 #7 - SUBJECT ADDED ENTRY--TOPICAL TERM | |
| Topical term or geographic name as entry element | Managed pressure drilling (Petroleum engineering) |
| Source of heading or term | BUEsh |
| 9 (RLIN) | 37979 |
| 650 #7 - SUBJECT ADDED ENTRY--TOPICAL TERM | |
| Topical term or geographic name as entry element | Oil well drilling. |
| Source of heading or term | BUEsh |
| 9 (RLIN) | 37980 |
| 650 #7 - SUBJECT ADDED ENTRY--TOPICAL TERM | |
| Topical term or geographic name as entry element | Wells |
| General subdivision | Fluid dynamics |
| -- | Mathematical models. |
| Source of heading or term | BUEsh |
| 9 (RLIN) | 37981 |
| 651 ## - SUBJECT ADDED ENTRY--GEOGRAPHIC NAME | |
| Source of heading or term | BUEsh |
| 653 ## - INDEX TERM--UNCONTROLLED | |
| Resource For college | Engineering, General |
| Arrived date list | May2015 |
| -- | June2015 |
| 653 ## - INDEX TERM--UNCONTROLLED | |
| Resource For college | Engineering, Petroleum |
| Arrived date list | January2017 |
| 942 ## - ADDED ENTRY ELEMENTS (KOHA) | |
| Source of classification or shelving scheme | Dewey Decimal Classification |
| Withdrawn status | Item status | Source of classification or shelving scheme | Damaged status | Not for loan | Vendor | Home library | Current library | Shelving location | Date acquired | Source of acquisition | Cost, normal purchase price | Serial Enumeration / chronology | Total Checkouts | Total Renewals | Full call number | Barcode | Date last seen | Date last borrowed | Cost, replacement price | Koha item type |
|---|---|---|---|---|---|---|---|---|---|---|---|---|---|---|---|---|---|---|---|---|
| Dewey Decimal Classification | Alahram | Central Library | Central Library | First floor | 13/05/2015 | 720.00 | 321 | 3 | 18 | 622.3381 CHI | 000038207 | 15/07/2025 | 03/03/2019 | 900.00 | Book - Borrowing | |||||
| Dewey Decimal Classification | Baccah | Central Library | Central Library | First floor | 03/06/2015 | 550.00 | 1 | 622.3381 CHI | 000038384 | 15/07/2025 | 15/10/2016 | 688.00 | Book - Borrowing | |||||||
| Dewey Decimal Classification | Baccah | Central Library | Central Library | First floor | 03/06/2015 | 550.00 | 1 | 9 | 622.3381 CHI | 000038385 | 15/07/2025 | 23/10/2018 | 688.00 | Book - Borrowing | ||||||
| Dewey Decimal Classification | Baccah | Central Library | Central Library | First floor | 03/06/2015 | 550.00 | 1 | 622.3381 CHI | 000038386 | 15/07/2025 | 12/07/2016 | 688.00 | Book - Borrowing | |||||||
| Dewey Decimal Classification | Academic Bookshop | Central Library | Central Library | First floor | 04/01/2017 | Purchase | 767.50 | 2000085 | 622.3381 CHI | 000040759 | 15/07/2025 | 959.38 | Book - Borrowing |